书目信息 |
| 题名: |
世界自然奇观
|
|
| 作者: | 纪江红 主编 | |
| 分册: | ||
| 出版信息: | 北京 北京出版社 2005 |
|
| 页数: | 191页 | |
| 开本: | 20cm | |
| 丛书名: | ||
| 单 册: | ||
| 中图分类: | P941-49 | |
| 科图分类: | ||
| 主题词: | 区域地理学:自然地理学 | |
| 电子资源: | ||
| ISBN: | 7-200-06143-3 | |
| 000 | 00581nam0 2200193 450 | |
| 001 | 2632786781 | |
| 005 | 20260414090810.55 | |
| 010 | @a7-200-06143-3@dCNY15.80 | |
| 100 | @a20260414d2005 km y0chiy0120 ea | |
| 101 | 0 | @achi |
| 102 | @aCN@b110000 | |
| 200 | 1 | @a世界自然奇观@AShi Jie Zi Ran Qi Guan@f纪江红主编@FJi Jiang Hong Zhu Bian |
| 210 | @a北京@c北京出版社@d2005 | |
| 215 | @a191页@d20cm | |
| 606 | 0 | @a区域地理学:自然地理学 |
| 690 | @aP941-49@v4 | |
| 701 | 0 | @a纪江红@AJi Jiang Hong@4主编 |
| 801 | 0 | @aCN@b大连网信软件有限公司图书馆·11@c20260414 |
| 905 | @aZUCC@dP941-49@e367 | |
| 世界自然奇观/纪江红主编.-北京:北京出版社,2005 |
| 191页;20cm |
| ISBN 7-200-06143-3:CNY15.80 |
| ● |
| 相关链接 |
|
|
|
|
正题名:世界自然奇观
索取号:P941-49/367
 
预约/预借
| 序号 | 登录号 | 条形码 | 馆藏地/架位号 | 状态 | 备注 |
| 1 | 1442633 | 214426334 | 第二样本阅览室/ [索取号:P941-49/367] | 在馆 |